Réactions chimiques - chimie organique - Statistiques

Statistiques générales
  • Ce quiz a été pris 21 fois
  • Le résultat moyen est 11 sur 37
Statistiques - réponses
Réponse % Correct
alcool
100%
{alcool} (2 eq)
100%
autre {alcool}
100%
alcène
53%
{alcène} (3 eq)
53%
ester
53%
acide carboxylique
47%
{acide carboxylique} (2 eq)
47%
alcyne
47%
amine
47%
{amine} (2 eq)
47%
{amine} non tertiaire
47%
alcane
40%
amide
40%
alcoolate
33%
{alcoolate} (2 eq)
33%
{alcoolate} (halogène en alpha)
33%
carbonyle
27%
diol
27%
{diol} vicinal
27%
éther
27%
cétal/acétal
20%
aldol/cétol
13%
carboxylate
13%
chlorure d'acide
13%
organomagnésien
13%
{organomagnésien} (3 eq)
13%
anhydride d'acide
7%
dérivé halogéné
7%
énolate
7%
époxyde
7%
hémiacétal
7%
alkyloxonium
0%
cyclohexène
0%
dial
0%
ester sulfonique
0%
sucre
0%
Aucun quiz correspondant
Distribution des résultats
% des personnes avec chaque résultat
Percentile par nombre de réponses
Votre historique - résultats
Vous n’avez pas pris ce quiz